[Event "Challenge"]
[Site "http://www.queenalice.com/game.php?id=308687"]
[Date "2007.11.23"]
[Round "-"]
[White "Siqueira"]
[Black "danniel"]
[Result "1-0"]
[WhiteElo "1614"]
[BlackElo "1602"]

1. d4 Nc6 2. c4 f5 3. Nc3 g6 4. Nf3 Bg7 5. e3 a6 6. Bd3 Nb4 7. O-O c6 8. a3 Nxd3
9. Qxd3 d5 10. cxd5 cxd5 11. Re1 f4 12. exf4 Bf5 13. Qe2 Bf6 14. Be3 h6 15. Rac1
g5 16. fxg5 hxg5 17. Bxg5 Bxg5 18. Nxg5 Rh6 19. Qf3 Qa5 20. Qxf5 Rf6 21. Qxd5
Qd8 22. Qxg8+ Rf8 23. Qxf8+ Kd7 24. Qxd8+ Rxd8 25. Nd5 Rc8 26. Nb6+ Kd6 27.
Nxc8+ Kd5 28. Nxe7+ Kxd4 29. Red1+ Ke5 30. Nf3+ Kf6 31. Ng8+ Kf7 32. Rc7+ Ke6
33. Re7+ Kf5 34. Rd5+ Kg6 35. Re6+ Kf7 36. Ng5+ Kxg8 37. Re7 Kf8 38. Rxb7 Ke8
39. Rdd7 a5 40. Rh7 a4 41. Rh8# 1-0

[Event "AUTO-ADV-723"]
[Site "http://www.queenalice.com/game.php?id=309586"]
[Date "2007.11.25"]
[Round "1"]
[White "trizzo326"]
[Black "Siqueira"]
[Result "1-0"]
[WhiteElo "1856"]
[BlackElo "1634"]

1. Nc3 d5 2. d4 c5 3. dxc5 Nf6 4. e3 Nc6 5. Bb5 a6 6. Bxc6+ bxc6 7. Nf3 Be6 8.
Ne5 Bd7 9. Qd4 e6 10. O-O Be7 11. e4 O-O 12. f4 Qa5 13. Be3 Rab8 14. Nd3 Rfd8
15. b4 Qc7 16. f5 exf5 17. Bf4 Qc8 18. Bxb8 Qxb8 19. exf5 h6 20. Rae1 Bf8 21.
Re3 Bc8 22. Rg3 Re8 23. Qxf6 Qxg3 24. hxg3 gxf6 25. Rf4 Kh7 26. a4 h5 27. b5
cxb5 28. axb5 axb5 29. Nxd5 Bg7 30. Nc7 Re3 31. Rf3 Rxf3 32. gxf3 Bxf5 33. Nxb5
Bf8 34. c6 Kg6 35. c7 Be7 36. Na7 1-0

[Event "AUTO-ADV-723"]
[Site "http://www.queenalice.com/game.php?id=309587"]
[Date "2007.11.25"]
[Round "1"]
[White "Siqueira"]
[Black "trizzo326"]
[Result "1-0"]
[WhiteElo "1596"]
[BlackElo "1849"]

1. d4 d5 2. c4 dxc4 3. Nc3 e6 4. e4 Nc6 5. Nf3 Bb4 6. Bxc4 Bxc3+ 7. bxc3 a6 8.
O-O b5 9. Bb3 h6 10. Re1 Bb7 11. d5 exd5 12. Qxd5 Qxd5 13. exd5+ Nce7 14. Ba3
Kf8 15. Ne5 Rd8 16. Rad1 h5 17. d6 cxd6 18. Nxf7 1-0

[Event "AUTO-ADV-723"]
[Site "http://www.queenalice.com/game.php?id=309598"]
[Date "2007.11.25"]
[Round "1"]
[White "glennedy"]
[Black "Siqueira"]
[Result "1-0"]
[WhiteElo "1687"]
[BlackElo "1532"]

1. d4 d5 2. c4 c6 3. Nc3 Nf6 4. h3 e6 5. Bg5 Be7 6. Nf3 Nbd7 7. cxd5 cxd5 8.
Bxf6 Bxf6 9. e4 dxe4 10. Nxe4 O-O 11. Bc4 Nb6 12. Bb3 g6 13. O-O Bg7 14. Ne5 Nd5
15. Qf3 Bd7 16. Rad1 Rc8 17. Nd6 Rc7 18. Bxd5 Bxe5 19. Nxb7 1-0

[Event "AUTO-ADV-723"]
[Site "http://www.queenalice.com/game.php?id=309599"]
[Date "2007.11.25"]
[Round "1"]
[White "Siqueira"]
[Black "glennedy"]
[Result "0-1"]
[WhiteElo "1543"]
[BlackElo "1676"]

1. d4 Nf6 2. c4 e6 3. Nc3 Bb4 4. Bd2 Nc6 5. a3 Ba5 6. b4 Bxb4 7. axb4 Nxd4 8. e3
Nf5 9. Be2 O-O 10. Nf3 b6 11. O-O Bb7 12. h3 Re8 13. Rc1 d5 14. cxd5 exd5 15.
Re1 Qd6 16. Nb5 Qd7 17. Ne5 Rxe5 18. Rxc7 Qd8 19. Rxb7 Nd6 0-1

[Event "AUTO-ADV-723"]
[Site "http://www.queenalice.com/game.php?id=309606"]
[Date "2007.11.25"]
[Round "1"]
[White "Siqueira"]
[Black "ciccioscacchi"]
[Result "0-1"]
[WhiteElo "1617"]
[BlackElo "1893"]

1. d4 Nf6 2. c4 g6 3. Nc3 Bg7 4. Nf3 d6 5. e3 O-O 6. Bd3 Nbd7 7. O-O c5 8. Re1
b6 9. h3 Bb7 10. Bd2 e6 11. Rc1 cxd4 12. exd4 Ne8 13. b4 Bxf3 14. Qxf3 Bxd4 15.
Nb5 Ne5 16. Qb7 Bxf2+ 17. Kxf2 Nxd3+ 18. Kf1 Nxe1 19. Bxe1 a6 20. Nd4 Rb8 21.
Qf3 Qf6 22. Qxf6 Nxf6 23. Nc6 Rb7 24. Bh4 Rc7 25. b5 axb5 26. cxb5 Nd5 27. Kf2
Nb4 28. Ne7+ Rxe7 29. Bxe7 Nd3+ 30. Ke3 Nxc1 31. Bxf8 Kxf8 32. a4 Nb3 33. Kd3
Ke7 34. Kc4 Na5+ 0-1

[Event "AUTO-ADV-723"]
[Site "http://www.queenalice.com/game.php?id=309607"]
[Date "2007.11.25"]
[Round "1"]
[White "ciccioscacchi"]
[Black "Siqueira"]
[Result "1-0"]
[WhiteElo "1868"]
[BlackElo "1612"]

1. e4 c5 2. Nf3 e6 3. d4 cxd4 4. Nxd4 Nc6 5. Nc3 a6 6. Be2 Nf6 7. O-O Bb4 8.
Nxc6 bxc6 9. e5 Bxc3 10. bxc3 Nd5 11. c4 Nc7 12. Qd3 Bb7 13. Bf3 O-O 14. Ba3 Re8
15. Rab1 Rb8 16. Rfd1 Na8 17. Qxd7 Qxd7 18. Rxd7 Bc8 19. Rxb8 Bxd7 20. Rb7 Bc8
21. Rb8 Bd7 22. Rb7 Bc8 23. Ra7 Nb6 24. Bxc6 Rd8 25. h4 Nxc4 26. Be7 Rd1+ 27.
Kh2 Nb6 28. Bc5 Nd7 29. Ra8 h6 30. Rxc8+ Kh7 31. Rd8 1-0

[Event "Challenge"]
[Site "http://www.queenalice.com/game.php?id=314092"]
[Date "2007.12.3"]
[Round "-"]
[White "REIUSFENIX"]
[Black "Siqueira"]
[Result "0-1"]
[WhiteElo "1468"]
[BlackElo "1606"]

1. e4 c5 2. Qf3 e6 3. Nh3 d5 4. Ng5 Qxg5 5. d4 Qxc1+ 6. Ke2 Qxc2+ 7. Nd2 dxe4 8.
Qg3 Qd3+ 9. Kd1 Qxg3 10. hxg3 Nf6 11. Nc4 cxd4 12. Nd6+ Bxd6 13. Rc1 Nc6 14. g4
Nxg4 15. Rh4 Nxf2+ 16. Ke2 e3 17. a3 Bd7 18. b4 O-O 19. Ke1 Bg3 20. Rh5 e5 21.
b5 Bg4 22. Rg5 Nd3# 0-1

[Event "AUTO-ADV-732"]
[Site "http://www.queenalice.com/game.php?id=314350"]
[Date "2007.12.3"]
[Round "1"]
[White "lrmaster"]
[Black "Siqueira"]
[Result "1-0"]
[WhiteElo "1900"]
[BlackElo "1607"]

1. e4 c5 2. d3 Nc6 3. Nf3 d5 4. exd5 Qxd5 5. Be2 Nf6 6. O-O e6 7. Nc3 Qd8 8. h3
Be7 9. a3 O-O 10. Be3 h6 11. Re1 Nd5 12. Nxd5 exd5 13. d4 cxd4 14. Nxd4 Bd6 15.
Bg4 1-0

[Event "AUTO-ADV-732"]
[Site "http://www.queenalice.com/game.php?id=314351"]
[Date "2007.12.3"]
[Round "1"]
[White "Siqueira"]
[Black "lrmaster"]
[Result "0-1"]
[WhiteElo "1612"]
[BlackElo "1895"]

1. d4 d5 2. c4 dxc4 3. Nc3 Nc6 4. e3 Nf6 5. Nf3 e6 6. Bxc4 a6 7. O-O Be7 8. b3
O-O 9. Bb2 h6 10. Re1 Re8 11. Rc1 Bb4 12. Bd3 Bxc3 13. Bxc3 Nd5 14. Bb1 Nxc3 15.
Rxc3 Bd7 0-1

[Event "AUTO-ADV-732"]
[Site "http://www.queenalice.com/game.php?id=314364"]
[Date "2007.12.3"]
[Round "1"]
[White "Siqueira"]
[Black "Random314"]
[Result "0-1"]
[WhiteElo "1574"]
[BlackElo "1686"]

1. d4 d5 2. c4 dxc4 3. Nc3 e6 4. e4 f5 5. e5 Bb4 6. Bxc4 c6 7. Bd2 b5 8. Bb3 Ne7
9. Nf3 h6 10. O-O Bxc3 11. Bxc3 a5 12. Nh4 a4 13. Bc2 Ba6 14. Qh5+ g6 15. Nxg6
Rg8 16. Nxe7+ Kxe7 17. Bb4+ Kd7 0-1

[Event "AUTO-ADV-732"]
[Site "http://www.queenalice.com/game.php?id=314365"]
[Date "2007.12.3"]
[Round "1"]
[White "Random314"]
[Black "Siqueira"]
[Result "1-0"]
[WhiteElo "1673"]
[BlackElo "1587"]

1. e4 c5 2. Nc3 Nc6 3. Nf3 d6 4. Bb5 Bd7 5. d3 e5 6. Bg5 Nf6 7. Bc4 Be7 8. Nd5
O-O 9. Nxe7+ Qxe7 10. h3 h6 11. Bxf6 Qxf6 12. g4 Nd4 13. Nxd4 cxd4 14. Qd2 Rac8
15. O-O-O a6 16. Bd5 b6 17. Rdf1 Rc5 18. f3 1-0